| 000 | 00899nam a2200265Ia 4500 | ||
|---|---|---|---|
| 003 | OSt | ||
| 005 | 20221005092014.0 | ||
| 006 | a|||||r|||| 00| 0 | ||
| 007 | ta | ||
| 008 | 221004b |||||||| |||| 00| 0 eng d | ||
| 020 |
_a184169035X (hbk) _c3975.40 |
||
| 024 | _a101651 | ||
| 037 |
_b3719, 19/02/2010, Bharat Scientific Syndicate _cTextual |
||
| 040 |
_aCRL _cCRL _beng |
||
| 041 |
_2eng _aeng |
||
| 082 | _aSN1:(X:8), P3 | ||
| 100 | _aHaslam S. Alexander Ed. | ||
| 245 | 0 |
_aSocial identity at work _b Developing theory for organizational practice |
|
| 260 |
_aNew York _bPsychology Press USA _c2003 |
||
| 300 |
_axvi,374p. _ccm. |
||
| 650 | _aPSYCHOLOGY | ||
| 700 |
_a Knippenberg Daan van Ed. _9616788 |
||
| 942 |
_hSN1:(X:8), P3 _cTEXL _2cc |
||
| 999 |
_c998137 _d998137 |
||